000 01407nam a22003017a 4500
005 2010091802302.0
008 100915t xxu||||| |||| 00| 0 hin d
010 _aHIN-91966
020 _c200.00
_a9788177112658
035 _aHN-64312
037 _bDBAD / PUB
040 _aDPL
_bHN
082 _a
100 _920178
110 _926418
245 _aकुखी पुकार:
_cरामकुमार घोटड़ द्वारा संपादित
_b71 लघुकथाकारों की कन्या भ्रूण-हत्या विषयक 96 लघुकथाएँ /
246 _akukhi pukar
_bEd by Ramkumar Ghotak
260 _aजयपुर
_bसाहित्यागार
_c2011
270 _aधामाणी मा्र्केट की गली,चौडा़ रास्ता,
_bजयपुर
_k0141-2310785,4022382,3255629
_msahityagarjpr@yahoo.co.in
300 _a151पृ.
_c22सेमी (सजिल्द)
650 _91159
_aलघु कथाएँ, हिन्दी
650 _926117
_aHindi Fiction
700 _920179
_aघोटड़, रामकुमार
700 _920333
700 _920540
942 _2ddc
_cHN
_mकुखीपु
_h
999 _c50908
_d50908